书目信息 |
| 题名: |
导游知识专题
|
|
| 作者: | ;国家旅游局 编 | |
| 分册: | ||
| 出版信息: | 北京 中国旅游出版社 2004 |
|
| 页数: | 10,502页 | |
| 开本: | 20cm | |
| 丛书名: | 中级导游员系列丛书 | |
| 单 册: | ||
| 中图分类: | F590.63 | |
| 科图分类: | ||
| 主题词: | 导游 , 导游--基本知识--中国 | |
| 电子资源: | ||
| ISBN: | 7-5032-2421-5 | |
| 000 | 01056nam0 2200289 450 | |
| 000 | 01062nam0 2200289 450 | |
| 000 | 00992nam0 2200265 450 | |
| 000 | 00956nam0 2200253 45 | |
| 005 | 20070518145909.09 | |
| 010 | @a7-5032-2421-5@dCNY30.00) | |
| 100 | @a20070424e20062004em y0chiy0120 ea | |
| 101 | 0 | @achi |
| 102 | @aCN@b110000 | |
| 105 | @ay z 000yy | |
| 200 | 1 | @a导游知识专题@ADao You Zhi Shi Zhuan Ti@f国家旅游局人事劳动教育司编@FGuo Jia Lu^ You Ju Ren Shi Lao Dong Jiao Yu Si Bian |
| 210 | @a北京@c中国旅游出版社@d2004@h2006 | |
| 215 | @a10,502页@d20cm | |
| 225 | 2 | @a中级导游员系列丛书 |
| 330 | @a本书包括中国传统文化、宗教文化、建筑文化、饮食文化、武术文化、中医学、陶瓷鉴赏、珠宝玉石鉴赏、游客心理、自然旅游资源十个专题。 | |
| 410 | 0 | @12001 @a中级导游员系列丛书 |
| 510 | 1 | @aThe Knowledge Monograph for Tour Guide@zeng |
| 606 | 0 | @a导游 |
| 606 | 0 | @a导游@x基本知识@y中国 |
| 690 | @aF590.63@v4 | |
| 711 | 02 | @a国家旅游局@AGuo Jia Lu^ You Ju@b人事劳动教育司@4编 |
| 801 | 0 | @aCN@bTAOJIN@c20070518 |
| 905 | @a10447@dF590.63@e122 | |
| 导游知识专题/国家旅游局人事劳动教育司编.-北京:中国旅游出版社,2004(2006) |
| 10,502页;20cm.-(中级导游员系列丛书) |
| ISBN 7-5032-2421-5:CNY30.00) |
| 本书包括中国传统文化、宗教文化、建筑文化、饮食文化、武术文化、中医学、陶瓷鉴赏、珠宝玉石鉴赏、游客心理、自然旅游资源十个专题。 |
| ● |
| 相关链接 |
|
|
|
|
正题名:导游知识专题
索取号:F590.63/122
 
预约/预借
| 序号 | 登录号 | 条形码 | 馆藏地/架位号 | 状态 | 备注 |
| 1 | 0521585 | 205215854 | 第一样本阅览室/ [索取号:F590.63/122] | 在馆 | |
| 2 | 0521586 | 205215863 | 第一借阅区/ [索取号:F590.63/122] | 在馆 | |
| 3 | 0521587 | 205215872 | 第一借阅区/ [索取号:F590.63/122] | 在馆 | |
| 4 | 0521588 | 205215881 | 第一借阅区/ [索取号:F590.63/122] | 在馆 |